| 000 | 00408nam a2200181Ia 4500 | ||
|---|---|---|---|
| 001 | 10181 | ||
| 005 | 20260306161813.0 | ||
| 008 | 260306t2014||||xx |||||||||||||| ||spa|| | ||
| 041 | _aESP | ||
| 082 |
_a907.2 _bB94 |
||
| 100 |
_aBurke, Peter _eAUT |
||
| 245 | 0 | _aFormas de hacer historia | |
| 260 | _c2014 | ||
| 300 |
_a352 páginas : _c |
||
| 650 | _aGEN | ||
| 654 | _aCHU | ||
| 942 |
_cLIB _dJUS _fJUS _2ddc _n |
||
| 999 |
_c10181 _d10181 |
||